000 01119nam a2200253 a 4500
005 20160624172755.0
008 150530s2012 ck o gr 00010 spa d
020 _a9789588491967
040 _aCO-BoBLA
_cCO-BoBLA
041 0 _aspa
044 _ack
082 0 4 _a398.09861
_bI31c
245 0 0 _aImágenes del conocimiento tradicional
260 _aBogotá, Colombia :
_bPNUD :
_bInstituto de Investigaciones Ambientales del Pacífico,
_c2012.
300 _a96 páginas :
_bfotografías a color ;
_c28 x 22 cm.
650 2 4 _aConocimiento tradicional
_zPacífico (Región, Colombia)
650 2 4 _aConocimiento ecológico tradicional.
_zPacífico (Región, Colombia)
650 2 4 _aIndígenas del Pacífico (Región, Colombia)
_xReligión y mitología.
650 2 4 _aIndígenas del Pacífico (Región, Colombia)
_xVida social y costumbres.
651 4 _aPacífico (Región, Colombia)
_xPoblación.
651 4 _aPacífico (Región, Colombia)
_xRelaciones interétnicas.
651 4 _aPacífico (Región, Colombia)
_xVida social y costumbres.
942 _2ddc
_cLIBRO
999 _c18825
_d18825